ARRUPE JESUIT UNIVERSITY

CORONAVIRUS -STOP THE SPREAD - CLEAN,DISINFECT,COVER

Report from Swaneng Hill : (Record no. 125562)

MARC details
000 -LEADER
fixed length control field 00850nam a2200265 p 4500
001 - CONTROL NUMBER
control field 3639055
003 - CONTROL NUMBER IDENTIFIER
control field ARRUPE
005 - DATE AND TIME OF LATEST TRANSACTION
control field 20161024154546.0
008 - FIXED-LENGTH DATA ELEMENTS--GENERAL INFORMATION
fixed length control field 750317s1974 sw af 000 0 eng
010 ## - LIBRARY OF CONGRESS CONTROL NUMBER
LC control number 75315070
015 ## - NATIONAL BIBLIOGRAPHY NUMBER
National bibliography number S74-39
020 ## - INTERNATIONAL STANDARD BOOK NUMBER
International Standard Book Number 9185214019 :
Terms of availability kr23.50
040 ## - CATALOGING SOURCE
Original cataloging agency DLC
Transcribing agency DLC
Modifying agency DLC
043 ## - GEOGRAPHIC AREA CODE
Geographic area code f-bs---
050 00 - LIBRARY OF CONGRESS CALL NUMBER
Classification number LC67.B55V36
082 00 - DEWEY DECIMAL CLASSIFICATION NUMBER
Classification number 373.68/1
300 ## - PHYSICAL DESCRIPTION
Other physical details ill. ;
Dimensions 23 cm.
100 1# - MAIN ENTRY--PERSONAL NAME
Personal name Van Rensburg, Patrick.
9 (RLIN) 26933
245 10 - TITLE STATEMENT
Title Report from Swaneng Hill :
Remainder of title education and employment in an African country /
Statement of responsibility, etc by Patrick van Rensburg.
260 ## - PUBLICATION, DISTRIBUTION, ETC. (IMPRINT)
Place of publication, distribution, etc Uppsala
Name of publisher, distributor, etc The Dag Hammarskjöld Foundation
Date of publication, distribution, etc 1974.
300 ## - PHYSICAL DESCRIPTION
Extent 235 p.;
650 #0 - SUBJECT ADDED ENTRY--TOPICAL TERM
Topical term or geographic name as entry element Education
General subdivision Economic aspects
Geographic subdivision Botswana.
9 (RLIN) 26934
710 2# - ADDED ENTRY--CORPORATE NAME
Corporate name or jurisdiction name as entry element Dag Hammarskjöld Foundation.
9 (RLIN) 26935
906 ## - LOCAL DATA ELEMENT F, LDF (RLIN)
a 7
b cbc
c orignew
d 3
e ncip
f 19
g y-gencatlg
942 ## - ADDED ENTRY ELEMENTS (KOHA)
Source of classification or shelving scheme Library of Congress Classification
Koha item type Monograph ( Printed materials)
Holdings
Withdrawn status Lost status Source of classification or shelving scheme Damaged status Not for loan Collection code Home library Current library Shelving location Date acquired Total Checkouts Full call number Barcode Date last seen Price effective from Koha item type
    Library of Congress Classification     Main Collection ARRUPE LIBRARY ARRUPE LIBRARY Main Collection 24/10/2016   LC67.B55V36 46500010761 28/06/2018 24/10/2016 Monograph ( Printed materials)

 

Arrupe Library. PO Box MP320 Mt Pleasant, Harare, Zimbabwe
263 242 745411|librarian@aju.ac.zw